00579 2200205 4500001002100000008004100021035002000062245005900082100002900141250001000170260004100180300003000221020002200251084001400273520002500287082000800312650003100320990001100351990001100362INLIS000000000014730 ind  a0010-1022000048 aAntologi Kajian Ilmu KeuangancDadang Prasetyo Jatmiko aDADANG, Prasetyo Jatmiko acet.2 aYogyakarta :bDiandra Kreatif,c2021 av, 180 hal.: ilus.c19 cm a978-602-336-898-3 a332 DAD a aTermasuk Bibliografi a332 aEKONOMI KEUANGAN. ANTOLOGI a9570 a a9570 b